000 01687nam a2200337 i 4500
001 768714001
003 CO-MdFUSB
005 20211027105330.0
007 ta
008 200303t2000 nyu |||| |||| 00| 0 eng d
020 _a0446524794
040 _aCO-MdFUSB
_bspa
_cCO-MdFUSB
_dCO-MdFUSBC
_erda
041 _aeng
082 _223
_a222.1106
_bD438
100 _aDershowitz, Alan M.
_eautor
245 1 4 _aThe Genesis of justice :
_bten stories of biblical injustice that led to the ten commandments and modern Law.
_c/ Alan M. Dershowitz.
264 1 _aNew York :
_bWarner Books,
_c[2000]
264 4 _c© 2000
300 _a279 páginas
_c; 24 cm
336 _2rdacontent
_atexto
_btxt
337 _2rdamedia
_asin mediación
_bn
338 _2rdacarrier
_avolumen
_bnc
505 _aDios amenaza - y retrocede. -- Caín asesina - y camina. -- Dios reacciona exageradamente - e inunda el mundo. -- Abraham defiende al culpable. -- y pierde. -- Las hijas de Lot violan a su padre - y salvan al mundo. -- Abraham comete intento de asesinato - y es alabado. -- Jacob engaña - y se engaña. -- Dina es violada - y sus hermanos se vengan. -- Tamar se convierte en prostituta - y el progenitor de David y el Mesía. -- Joseph es enmarcado - y luego enmarca a sus hermanos. -- ¿Por qué hay tanta injusticia en Génesis? -- ¿Por qué la Biblia comienza al principio? -- ¿Hay justicia en este mundo o en el próximo? -- ¿ De dónde vienen los Diez Mandamientos?
563 _aRústico
630 7 _aBiblia.
_pGénesis
_xCrítica, interpretación, etc.
650 0 _916
_aBiblia
650 7 _9280
_aDios
_xJusticia
942 _cBK
945 _aJTF-925
999 _c65412
_d65412